| 000 | 00465nam a2200121Ia 4500 | ||
|---|---|---|---|
| 008 | 220615s9999||||xx |||||||||||||| ||und|| | ||
| 245 | 0 |
_aHealthy Minds in the Twentieth Century _bIn and Beyond the Asylum |
|
| 546 | _aEnglish[eng] | ||
| 650 | _aHistory||Social history||History, Modern||Medicine—History||Psychiatry | ||
| 700 | _aTaylor, Steven J.||Brumby, Alice | ||
| 856 | _uhttps://library.oapen.org/bitstream/20.500.12657/22947/1/1007214.pdf | ||
| 942 | _cEB | ||
| 999 |
_c11223 _d11223 |
||